| 000 | 00451nam a2200133Ia 4500 | ||
|---|---|---|---|
| 008 | 250506s9999 xx 000 0 und d | ||
| 024 | _a16B-027-EL, 16B-028-EL & 16B-041-EL | ||
| 082 | _a004.3092 MUH | ||
| 100 | _aMuhammad Rafay Taimoor, Muhammad Miftah Ul Haq Siddiqui & Shahzeb Ahmed Siddiqui | ||
| 245 | 0 | _aE-Waste PCB Dismantling | |
| 260 |
_aKarachi: _bUIT, _c2016 |
||
| 600 | _aElectronic Engineering | ||
| 650 | _aBachelor of Engineering (BE) | ||
| 999 |
_c28980 _d28980 |
||